000 00261nam a2200109Ia 4500
008 190216s9999||||xx |||||||||||||| ||und||
100 _aDr.Sood Conpler P S
245 0 _aEvery Day Jocks
260 _bHind Pocket Books Pvt Ltd
650 _aEnglish
942 _cBK
999 _c13347
_d13347